000 00682nam a2200121Ia 4500
008 220620s9999||||xx |||||||||||||| ||und||
100 _aZurcher, Christoph||Koehler, Jan
245 0 _aPotentials of disorder: Explaining conflict and stability in the Caucasus and in the former Yugoslavia
546 _aEnglish[eng]
650 _abalkan||yugoslavia||caucasus||Dagestan||Serbs||Soviet Union
856 _uhttps://library.oapen.org/bitstream/20.500.12657/35029/1/POTENTIALS%20OF%20DISORDER.pdf||https://library.oapen.org/bitstream/20.500.12657/35029/1/POTENTIALS%20OF%20DISORDER.pdf||https://library.oapen.org/bitstream/20.500.12657/35029/1/POTENTIALS%20OF%20DISORDER.pdf
942 _cEB
999 _c27579
_d27579